000
00249nam a22001217a 4500
082
_a
823
_b
UNK/S
100
_a
UNKNOWN
245
_a
THE STORY OF GINGERBREAD MAN
260
_b
OP PUBLICATIONS
300
_a
12
650
_a
ENGLISH STORY
942
_c
BK
999
_c
7504
_d
7504